Movies Quiz

Random Movies or Superhero Quiz

Missing Word: Superman Movies Quiz Stats

 Plays Quiz not verified by Sporcle

Score 0/9 Timer 02:00
0 Plays Today
Title Missing word % Correct
_____ v Superman: Dawn of JusticeBatman
96.2%
Man of _____Steel
92.3%
_____ LeagueJustice
92.3%
_____ IISuperman
90.4%
Superman _____Returns
84.6%
Superman: The _____Movie
82.7%
Superman _____III
76.9%
Superman IV: The Quest for _____Peace
75%
Superman and the _____ MenMole
55.8%

You're not logged in!

Compare scores with friends on all Sporcle quizzes.
OR
Log In

You Might Also Like...

Show Comments

Extras

Top Quizzes Today


Score Distribution

Your Account Isn't Verified!

In order to create a playlist on Sporcle, you need to verify the email address you used during registration. Go to your Sporcle Settings to finish the process.

Report this User

Report this user for behavior that violates our Community Guidelines.

Details: